Naš rusyn'skyj narod maje sylnu i schopnu molodež

Bibliographic Details
Main Author: Gaj, Marek (Author)
Format: Article
Language:Slavic languages
Subjects:

MARC

LEADER 00000nab a2200000 a 4500
001 vtls000845673
003 SK-MaSNL
005 20260318125014.0
008 240612c2003 xo 0 sla
015 |a SNBRB2003/09-25050 
035 |a CLN000197328 
040 |a SNKBUCL  |b slo  |c SNKBUCL  |e AACR2 
041 0 |a sla  |a rue 
044 |a xo  |c SK 
080 |a 329.78(=161)(100):061.2  |2 UDC-MRF-SK2 
080 |a 316.022.4(=161)(100)  |2 UDC-MRF-SK2 
100 1 |a Gaj, Marek  |4 aut  |9 341209 
245 1 0 |a Naš rusyn'skyj narod maje sylnu i schopnu molodež  |c Marek Gaj 
610 2 7 |a Svetové fórum rusínskej mládeže  |b Prípravný výbor  |y 2002  |2 snkbucl  |9 1265244 
650 0 7 |a Rusíni  |x organizácie mládežnícke  |2 snkbucl  |9 1265221 
655 7 |a články z novín a časopisov  |2 snkbucl  |9 267496 
773 0 |t Narodny novynky  |g Roč. 13, č. 24-26 (2003) 
773 0 |t [Príl.] Rusalka  |g Č. 2 (2003) s. 3 
850 |a Slovenská národná knižnica v Martine 
852 |a SNK  |b KIS3GCP 
999 |c 2264083  |d 2266013